000 00502nam a2200181Ia 4500
999 _c14655
_d14655
003 OSt
005 20201028131527.0
008 190216s9999||||xx |||||||||||||| ||und||
020 _a9780571222995
040 _coclc
082 _a894.3533
_bPAM/S
100 _aPamuk, Orhan
_91941
245 0 _aSnow /
_cOrhan Pamuk
260 _bFaber And Faber,
_c2004.
_aLondon:
300 _a436p
650 _aEnglish-Fiction English
942 _cBK
_2ddc
_h894.3533
_iPAM/S
_k894.3533
_mPAM/S